00242nam a2200097 a 450000500170000000800410001705000210005824500430007925000120012226000100013420141022142003.0120307s19uu xx 00 eng d aCD-ROMbM85 2001 aMosby's review questions for NCLEX-RN. a4th ed. c2001.